El color: nociones fundamentales

Salvato in:
Dettagli Bibliografici
Natura: Libro
Lingua:spagnolo
Pubblicazione: Montevideo Universidad de la República 1965
Soggetti:
Tags: Aggiungi Tag
Nessun Tag, puoi essere il primo ad aggiungerne!!

MARC

LEADER 00000nam a2200000 a 4500
001 UCV8408
003 CL-VaPUC
008 910606e19650000UY |||||||||||||||||spa|d
082 0 4 |a 535.6  |b COL  |2 21 
245 1 3 |a El color: nociones fundamentales 
300 |a 32 p 
942 |c BK 
945 |d 19910606 00:00:00 
260 |a Montevideo  |b Universidad de la República  |c 1965 
650 0 |a Color   |9 265507 
583 |a last modification  |c 19910606 00:00:00  |k Rodrigo Vera 
999 |c 213928  |d 213926 
952 |0 0  |1 0  |2 ddc  |4 0  |6 535_600000000000000_COL_1965  |7 0  |8 A  |9 196826  |a BIBARQ  |b BIBARQ  |c PAC  |d 2019-11-14  |i 2646110  |o 535.6 COL 1965  |p 2646110  |r 2025-01-20  |w 2019-11-14  |y BK  |k ARQ